000
00327nam a2200133Ia 4500
008
260604s9999 xx 000 0 und d
020
_a
9781316622810
082
_a
004 ASH
100
_a
Kevin d. ashley
_9
35704
245
0
_a
Artificial Intelligence and Legal Analytics
260
_b
Cambridge
500
_a
IT, AI
942
_c
BK
999
_c
8528
_d
8528